Political Process In Contemporary India/ (Record no. 167580)

MARC details
000 -LEADER
fixed length control field 00629nam a22001937a 4500
005 - DATE AND TIME OF LATEST TRANSACTION
control field 20190912160935.0
010 ## - LCCN (DPL NO)
LC control number ENG-126463
020 ## - INTERNATIONAL STANDARD BOOK NUMBER
Terms of availability 339.00
International Standard Book Number 978-93-534-3245-4
035 ## - SYSTEM CONTROL NUMBER
System control number EN-109995
037 ## - SOURCE OF ACQUISITION
Source of stock number/acquisition DBAD/PUB
082 ## - DEWEY DECIMAL CLASSIFICATION NUMBER
Classification number 320.10954
100 ## - MAIN ENTRY--PERSONAL NAME
Personal name Singh,Abhay Prasad
245 ## - TITLE STATEMENT
Title Political Process In Contemporary India/
Statement of responsibility, etc Abhay Prasad Singh [and] Krishna Murari
260 ## - PUBLICATION, DISTRIBUTION, ETC. (IMPRINT)
Place of publication, distribution, etc U.P
Name of publisher, distributor, etc Pearson
Date of publication, distribution, etc 2019
270 ## - ADDRESS
City Noida
Address 15th Floor, Tower-B,World Trade Tower,Plot No. 1, Block-C, Sector 16,,
Postal code 201301
300 ## - PHYSICAL DESCRIPTION
Extent 359p.
Dimensions 22cm(pbk)
700 ## - ADDED ENTRY--PERSONAL NAME
Personal name Murari ,Krishna
942 ## - ADDED ENTRY ELEMENTS (KOHA)
Source of classification or shelving scheme Dewey Decimal Classification
Item type English Books
Classification part 320.10954
Call number suffix SIN
Holdings
Withdrawn status Lost status Not for loan Collection code Home library Current library Date acquired Source of acquisition Cost, normal purchase price Full call number Barcode Copy number Cost, replacement price Koha item type
      Non-fiction Andrews Gunj Andrews Gunj 12/09/2019 DBAD/PUB 339.00 320.10954 SIN EN-109995 1 339.00 English Books

© Delhi Public Library
Hit Counter
free hit counter